1119 1552 1429 1690 1872 1988 1057 1619 1674 1791 1024 1495 1467 1175 1644 1031 1578 1712 1473 1363 1288 1291 1016 1736 1707 1861 1180 1739 1149 1363 1867 1556 1978 1451 1669 1796 1164 1303 1998 1871 1566 1435 1087 1393 1087 1029 1151 1399 1854 1580 1664 1481 1463 1009 1824 1163 1612 1135 1771 1936 1285 1813 1551 1566 1061 1929 1521 1555 1194 1443 1445 1408 1204 1757 1071 1835 1658 1794 1860 1615 1505 1647 1953 1009 1766 1165 1058 1268 1116 1239 1718 1545 1721 1585 1698 1501 1742 1227 1349 BCNSPRNW ULIB Ver.6.0+V

เปลี่ยนเป็นภาษาไทย

Change to English
 แสดงรายละเอียดบรรณานุกรม
  กลับหน้าหลัก

Brief Record : Get Marc (ISO 2709) : E-mail record : QR code < ปิดหน้าต่าง
LEADER : 00000nam 2200000uu 4500
001    13399127756
003     ULIB
008    210519s2562||||th 000 0 tha d
020 ^- ^a9786160037919
050 ^- ^aนว.^bก371ค
100 0^ aกนิษฐา ปานเกตุ.
245 10 ^aคุณพ่อสายลับ =My daddy is sitting bull /^cกรรัมภา.
246 11 ^aMy daddy is sitting bull
250 ^- ^aพิมพ์ครั้งแรก.
260 ^- ^aกรุงเทพฯ :^bพิมพ์คำ,^c2562
300 ^- ^a519 หน้า.
490 1^ aชุด Love choices รักลงเอย ;[ลำดับที่ 1]
945    ^p360^l0^i28901
999    ^aกัณชพร จุลอักษร
รายการนี้ยังไม่มีแท็ก
คุณยังไม่ได้ล็อกอิน คุณสามารถมีกิจกรรมร่วมกับเว็บไซต์ได้ แต่ต้องล็อกอินก่อน ::
  ล็อกอิน

รายการสื่อสารสนเทศ

ลำดับที่ ประเภท เลขเรียก/บาร์โค้ด สถานที่ สถานะ
1. วิทยาศาสตร์การแพทย์ และสุขภาพ
วิทยาศาสตร์การแพทย์ และสุขภาพ
นว. ก371ค ฉ.1 
  Barcode: 28901
ห้องสมุดวิทยาเขตนครสวรรค์
►นวนิยาย:l:Fiction
บนชั้น

BibComment


ยังไม่เคยถูกคอมเมนท์

คอมเมนท์ทรัพยากรรายการนี้
  คอมเมนท์: คุณพ่อสายลับ My ..


 Copyright 2026. Bcnsprnw @Library